00843njm a2200241Ia 450000100060000000300090000600500170001500800410003204000130007304000130008610000110009910000180011010000380012824500310016625000110019726000090020826000380021730000170025530000290027250000360030150502120033765000520054925833IT-RoPAU20220918181117.0131025s9999 xx 000 0 und d aIT-RoPAU cIT-RoPAU aAA.VV. eAutore musica gCodice autore musica SPICS: 12000 aRitmi e strumenti africani a1a ed. aROMA bSPICS RECORDSc1984 [1a Ed.:1969] aMUSICASSETTA c89 minuti (Testo: pag.) aMusica Folklorica e strumentale aMusiche del Marocco, Algeria, Tunisia, Libia, Mali, Niger, Ghana, Alto Volta, Senegal, Liberia, Nigeria - Oboe, percussioni, flauto, zampogna, danza dei tamburi, xilofono, tamburi, voci, sonagli, fischietto aPOPOLARE [CASSETTE]eCodice MATERIA SPICS: 9951